Statistics for Flag Record Tests

Click here to take the quiz!

General Stats

  • This quiz has been taken 11 times
  • The average score is 25 of 31

Answer Stats

Answer% Correct
Cote d'Ivoire
100%
Indonesia
100%
Iran
100%
Iraq
100%
Lesotho
100%
North Macedonia
100%
Senegal
100%
Syria
100%
Andorra
86%
Chad
86%
Djibouti
86%
Equatorial Guinea
86%
Guinea
86%
Romania
86%
Singapore
86%
Sudan
86%
Taiwan
86%
Timor-Leste
86%
Tonga
86%
Turkmenistan
86%
Yemen
86%
Cameroon
71%
Jordan
71%
Mali
71%
Moldova
71%
Monaco
71%
Samoa
71%
Tajikistan
71%
Palestine
43%
Sierre Leone
43%
Sahrawi Arab Democratic Republic
0%

Score Distribution

Percentile by Number Answered

Percent of People with Each Score

Your Score History

You have not taken this quiz